000 00448nam a2200181Ia 4500
001 4716
005 20260306145816.0
008 260306t2017||||xx |||||||||||||| ||spa||
041 _aESP
082 _a330.01
_bG35
100 _aGeldres Muñoa, Raúl Javier
_eAUT
245 0 _aIngeniería económica:
_bteoría y práctica
260 _c2017
300 _a315 páginas :
_c24 cm.
650 _aGEN
654 _aCAN
942 _cLIB
_dJUS
_fJUS
_2ddc
_n
999 _c4716
_d4716